000 00308nam a22001337a 4500
008 181122b xxu||||| |||| 00| 0 eng d
020 _a9780312440688
041 _aeng
080 _24th
_a371
100 _a46
101 _aEDU
245 _aThe Bedford Guide for Writing Tutors
_cRyan, L
942 _2udc
_cBK
999 _c52402
_d52402